Números agotados de los Agachados /

Esta publicación es una colección de cinco ejemplares de la historieta política "Los Agachados" de Rius. Contenido: Otra Vez Calzonzin; ¡Calzonzin Go Home! ¡Welcome Gumaro!; México a Través de los Popolucos; Los Aztecas Siempre Andaban con Agruras; Mamá la Cigueña.

Guardat en:
Dades bibliogràfiques
Autor principal: Rius (autor)
Format: Llibre
Idioma:espanyol
Publicat: México : Posada, 1974
Matèries:
Etiquetes: Afegir etiqueta
Sense etiquetes, Sigues el primer a etiquetar aquest registre!

MARC

LEADER 00000nam^a2200000^a^4500
001 000026553
005 20250521000000.0
009 20260310084737.007
037 |a Acervo ITESO - Biblioteca 
041 |a ESP 
082 |a 741. 59  |b RIU V. 14 
100 |a Rius  |e (autor) 
240 1 5 |a [Los Agachados] 
245 1 0 |a Números agotados de los Agachados /  |c Rius. 
264 1 |a México :  |b Posada,  |c 1974 
300 |a 189 p. 
336 |a texto  |b txt  |2 rdacontenido 
337 |a sin mediación  |b n  |2 rdamedio 
338 |a volumen  |b nc  |2 rdasoporte 
520 |a Esta publicación es una colección de cinco ejemplares de la historieta política "Los Agachados" de Rius. Contenido: Otra Vez Calzonzin; ¡Calzonzin Go Home! ¡Welcome Gumaro!; México a Través de los Popolucos; Los Aztecas Siempre Andaban con Agruras; Mamá la Cigueña. 
545 0 |a Rius, pseudónimo de Eduardo del Río García (Zamora, 1934), considerado el caricaturista más popular de México, así como el creador de una forma de comunicación basada en el lenguaje de la historieta y el collage (libro-cómics, lo llama él), con la que ha publicado más de cien títulos, entre los que destacan: La panza es primero; La trukulenta historia del Kapitalismo; Filosofía para principiantes; Osama Tío Sam; Recetarius; Mis queridos agachados. Ha colaborado, entre otras, con las publicaciones Sucesos para todos, Excélsior, Siempre!, Proceso, La Jornada; ha fundado y dirigido La Gallina, Marca Diablo, El Mitote Ilustrado, y La Garrapata; es cofundador y codirector de El Chahuistle y El Chamuco. Es creador de Los supermachos y Los Agachados. Su labor ha sido reconocida con el Premio de la Asociación Mexicana de Periodistas (1959), Gran Prix de Montreal (1968), Premio Nacional de Periodismo (1987), Premio Forte del Marni de Sátira Política (1995). 
649 |a XX 
650 |a Medios de Comunicación 
650 |a Historietas y Caricaturas de Temas Políticos y Sociales 
650 |a Historietas y Caricaturas Mexicanas 
910 |a Fondo General 
920 |a Impresos - Libros 
930 |a Colección General 
905 |a 101 
901 |a 0265530100  |b IT1  |c ACC  |i 026553  |u 20250521 
902 |a https://opac.biblio.iteso.mx/vufind/Record/000026553